Statistics for All Territories in Axis & Allies Global 1940

Click here to take the quiz!

General Stats

  • This quiz has been taken 37 times
    (31 since last reset)
  • The average score is 51 of 206

Answer Stats

OwnerIPCsTerritory% Correct
Germany3Holland Belgium
70%
Germany2Poland
65%
Germany3Slovakia Hungary
65%
United Kingdom6United Kingdom
65%
United States2Alaska
60%
Soviet Union1Belarus
60%
Germany2Denmark
60%
France4France
60%
Italy1Libya
60%
Germany3Norway
60%
Pro-Axis Neutral1Bulgaria
55%
Pro-Axis Neutral2Finland
55%
Pro-Allies Neutral2Greece
55%
United States1Hawaiian Islands
55%
Japan3Korea
55%
United States2Philippines
55%
Germany3Romania
55%
Italy1Ethiopia
50%
Japan1Formosa
50%
Germany5Germany
50%
United Kingdom3India
50%
Japan8Japan
50%
United States2Mexico
50%
Pro-Allies Neutral2Persia
50%
Soviet Union3Russia
50%
ANZAC0Solomon Islands
50%
Strict Neutral3Sweden
50%
United Kingdom2Union of South Africa
50%
Italy1Albania
45%
France1Algeria
45%
Pro-Allies Neutral | Strict Neutral2Brazil
45%
United Kingdom2Egypt
45%
Pro-Axis Neutral2Iraq
45%
United Kingdom0Malta
45%
France1Morocco
45%
ANZAC2New Zealand
45%
United Kingdom0Samoa
45%
Soviet Union2Ukraine
45%
Pro-Allies Neutral2Yugoslavia
45%
United Kingdom1Anglo-Egyptian Sudan
40%
United Kingdom0British Somaliland
40%
United Kingdom1Burma
40%
United Kingdom0Cyprus
40%
France0French Guiana
40%
France2French Indo China
40%
France1French Madagascar
40%
Italy0Italian Somaliland
40%
Soviet Union1Kazakhstan
40%
United Kingdom3Malaya
40%
Japan0Palau Island
40%
Japan1Siam
40%
Strict Neutral0Switzerland
40%
United Kingdom1Trans-Jordan
40%
France1Tunisia
40%
Strict Neutral0Uruguay
40%
Strict Neutral2Venezuela
40%
Soviet Union0Bessarabia
35%
United Kingdom0British Guiana
35%
Pro-Allies Neutral0Eire
35%
United Kingdom0Fiji
35%
United States0Guam
35%
United Kingdom0Iceland
35%
Japan0Marshall Islands
35%
United States0Midway
35%
Strict Neutral0Paraguay
35%
Strict Neutral1Portugal
35%
Strict Neutral0Portuguese Guinea
35%
France1Syria
35%
Strict Neutral2Turkey
35%
Strict Neutral0Afghanistan
30%
Strict Neutral1Angola
30%
Strict Neutral2Argentina
30%
United Kingdom1Belgian Congo
30%
Strict Neutral0Bolivia
30%
Strict Neutral2Chile
30%
Strict Neutral0Colombia
30%
Dutch Territory0Dutch New Guinea
30%
France1French West Africa
30%
United Kingdom0Gilbert Islands
30%
United States0Greenland
30%
United Kingdom1Kenya
30%
United Kingdom3Kwangtung
30%
Strict Neutral1Mozambique
30%
Strict Neutral0Peru
30%
Strict Neutral2Saudi Arabia
30%
Italy0Sicily
30%
United Kingdom1South West Africa
30%
Strict Neutral2Spain
30%
United States0Wake Island
30%
United Kingdom4Borneo
25%
United States20Eastern United States
25%
United Kingdom0Gibraltar
25%
United Kingdom1Gold Coast
25%
United Kingdom1Nigeria
25%
United Kingdom1Rhodesia
25%
Italy0Sardinia
25%
United Kingdom1Shan State
25%
Italy3Southern Italy
25%
United Kingdom1Tanganyika Territory
25%
Soviet Union1Turkmenistan
25%
United States10Western United States
25%
United States12Central United States
20%
United Kingdom0Ceylon
20%
Pro-Allies Neutral0Crete
20%
Strict Neutral0Ecuador
20%
France1French Equatorial Africa
20%
Strict Neutral0Liberia
20%
China3Manchuria
20%
Japan0Marianas
20%
United Kingdom0Newfoundland Labrador
20%
ANZAC2New South Wales
20%
Italy4Northern Italy
20%
Japan1Okinawa
20%
ANZAC2Queensland
20%
Soviet Union1Siberia
20%
Strict Neutral0Sierra Leone
20%
ANZAC1South Australia
20%
Dutch Territory4Sumatra
20%
Dutch Territory0Suriname
20%
ANZAC1Victoria
20%
ANZAC1Western Australia
20%
United States1West Indies
20%
Soviet Union1Amur
15%
Dutch Territory3Celebes
15%
United States1Central America
15%
Japan0Hainan
15%
Japan1Iwo Jima
15%
Dutch Territory4Java
15%
Soviet Union1Karelia
15%
ANZAC0New Guinea
15%
France0New Hebrides
15%
France2Normandy Bordeaux
15%
ANZAC1Northern Territory
15%
United Kingdom2Ontario
15%
Strict Neutral0Rio de Oro
15%
Soviet Union1Sakha
15%
United Kingdom2Scotland
15%
Soviet Union1Smolensk
15%
Soviet Union1Soviet Far East
15%
Soviet Union1Urals
15%
United Kingdom1Western Canada
15%
Germany5Western Germany
15%
United Kingdom1Alberta Saskatchewan Manitoba
10%
United States0Aleutian Islands
10%
Soviet Union1Archangel
10%
Soviet Union1Baltic States
10%
Japan0Caroline Islands
10%
Soviet Union2Caucasus
10%
France1French Central Africa
10%
Germany4Greater Southern Germany
10%
Impassable0Himalayas
10%
United Kingdom2Quebec
10%
France3Southern France
10%
United Kingdom2West India
10%
Soviet Union1Yakut S.S.R.
10%
United Kingdom0Alexandria
5%
China1Anhwe
5%
Soviet Union1Bryansk
5%
Soviet Union1Buryatia
5%
China1Chahar
5%
Pro-Allies Neutral0Eastern Persia
5%
Soviet Union1Eastern Poland
5%
China1Hopei
5%
China1Hunan
5%
China1Jehol
5%
United States0Johnston Islands
5%
China1Kiangsi
5%
China3Kiangsu
5%
China1Kwangsi
5%
China1Kweichow
5%
United States0Line Islands
5%
Soviet Union0Nenetsia
5%
Pro-Allies Neutral0Northwest Persia
5%
Soviet Union2Novgorod
5%
Soviet Union2Rostov
5%
Impassable0Sahara Desert
5%
Soviet Union1Samara
5%
China2Shantung
5%
Italy0Tobruk
5%
China1Tsinghai
5%
Strict Neutral (Mongolia)0Ulaanbaatar
5%
Soviet Union2Volgograd
5%
Soviet Union0Vyborg
5%
Soviet Union2Western Ukraine
5%
Strict Neutral (Mongolia)0Buyant-Uhaa
0%
Strict Neutral (Mongolia)0Central Mongolia
0%
Strict Neutral (Mongolia)0Dzabhan
0%
Soviet Union1Evenkiyskiy
0%
China1Kansu
0%
ANZAC0New Britain
0%
United Kingdom1New Brunswick Nova Scotia
0%
Soviet Union1Novosibirsk
0%
Strict Neutral (Mongolia)0Olgiy
0%
Impassable0Pripet Marshes
0%
China1Shensi
0%
China1Sikang
0%
United States1Southwest Mexico
0%
China1Suiyuan
0%
China1Szechwan
0%
Soviet Union1Tambov
0%
Soviet Union1Timguska
0%
Strict Neutral (Mongolia)0Tsagaan-Olom
0%
Soviet Union1Vologda
0%
Soviet Union1Yenisey
0%
China1Yunnan
0%

Score Distribution

Percentile by Number Answered

Percent of People with Each Score

Your Score History

You have not taken this quiz since the last reset